The Radical Humanist (Record no. 207284)

MARC details
000 -LEADER
fixed length control field 00266nam a2200097 4500
008 - FIXED-LENGTH DATA ELEMENTS--GENERAL INFORMATION
fixed length control field 241202b |||||||| |||| 00| 0 eng d
245 ## - TITLE STATEMENT
Title The Radical Humanist
Statement of responsibility, etc Mahi Pal Singh
260 ## - PUBLICATION, DISTRIBUTION, ETC. (IMPRINT)
Place of publication, distribution, etc Delhi
Name of publisher, distributor, etc Sheoraj Singh
Date of publication, distribution, etc 2024
300 ## - PHYSICAL DESCRIPTION
Extent Vol.88 No.7
942 ## - ADDED ENTRY ELEMENTS (KOHA)
Source of classification or shelving scheme Dewey Decimal Classification
Item type Periodicals
Call number suffix RAD
Serial record 1

No items available.


© Delhi Public Library
Hit Counter
free hit counter